<?xml version="1.0" encoding="UTF-8"?>
<record
    xmlns:xsi="http://www.w3.org/2001/XMLSchema-instance"
    xsi:schemaLocation="http://www.loc.gov/MARC21/slim http://www.loc.gov/standards/marcxml/schema/MARC21slim.xsd"
    xmlns="http://www.loc.gov/MARC21/slim">

  <leader>02338nam2a2200361   4500</leader>
  <controlfield tag="001">RU\NLR\PER_A\003430503_001010</controlfield>
  <controlfield tag="005">20250625171315.0</controlfield>
  <datafield tag="035" ind1=" " ind2=" ">
    <subfield code="a">(NLR Aleph) 022240016</subfield>
  </datafield>
  <datafield tag="090" ind1=" " ind2=" ">
    <subfield code="a">13157445</subfield>
    <subfield code="c">13157445</subfield>
  </datafield>
  <datafield tag="100" ind1=" " ind2=" ">
    <subfield code="a">20240603d2024    |||y0rusy50      ca</subfield>
  </datafield>
  <datafield tag="101" ind1="0" ind2=" ">
    <subfield code="a">eng</subfield>
    <subfield code="d">rus</subfield>
  </datafield>
  <datafield tag="102" ind1=" " ind2=" ">
    <subfield code="a">RU</subfield>
  </datafield>
  <datafield tag="200" ind1="1" ind2=" ">
    <subfield code="a">Two new species of the ant genus Plagiolepis Mayr, 1861 (Hymenoptera: Formicidae: Formicinae) from Indochina</subfield>
    <subfield code="f">N. Phosritong, K. Rattanachan, L. Satakoune, W. Jaitrong</subfield>
  </datafield>
  <datafield tag="210" ind1=" " ind2=" ">
    <subfield code="a">Vladivostok</subfield>
    <subfield code="c">[s. n.]</subfield>
    <subfield code="d">2024</subfield>
  </datafield>
  <datafield tag="215" ind1=" " ind2=" ">
    <subfield code="a">24 c.</subfield>
    <subfield code="c">&#x438;&#x43B;.</subfield>
    <subfield code="d">21</subfield>
  </datafield>
  <datafield tag="300" ind1=" " ind2=" ">
    <subfield code="a">&#x420;&#x435;&#x437;. &#x43D;&#x430; &#x440;&#x443;&#x441;. &#x44F;&#x437;.</subfield>
  </datafield>
  <datafield tag="320" ind1=" " ind2=" ">
    <subfield code="a">&#x411;&#x438;&#x431;&#x43B;&#x438;&#x43E;&#x433;&#x440;.: &#x441;. 13-14, 22-24</subfield>
  </datafield>
  <datafield tag="423" ind1=" " ind2="0">
    <subfield code="1">2001#$aProtease inhibitors of fodder plants as a factor of immune response influencing the physioloogical state of the potato ladybird beetle HenosepilachinaVigintioctomaculata (Coleoptera: Coccinellidae)$fN. V. Matsishina, M.V. Ermak, P.V. Fisenko [et al.]</subfield>
    <subfield code="1">210##$aVladivostok$d2024</subfield>
    <subfield code="1">215##$a&#x421;. 15-24</subfield>
    <subfield code="t">Protease inhibitors of fodder plants as a factor of immune response influencing the physioloogical state of the potato ladybird beetle HenosepilachinaVigintioctomaculata (Coleoptera: Coccinellidae)</subfield>
  </datafield>
  <datafield tag="461" ind1=" " ind2="0">
    <subfield code="1">001RU\NLR\INFOCOMM_49\5000065334</subfield>
    <subfield code="1">2001#$aFar Eastern entomologist$d&#x414;&#x430;&#x43B;&#x44C;&#x43D;&#x435;&#x432;&#x43E;&#x441;&#x442;&#x43E;&#x447;&#x43D;&#x44B;&#x439; &#x44D;&#x43D;&#x442;&#x43E;&#x43C;&#x43E;&#x43B;&#x43E;&#x433;$eJ. publ. by Far East branch of the Russ. entomological soc. a. Lab. of entomology, Inst. of biology a. pedology$zrus$v&#x2116; 492</subfield>
    <subfield code="9">2822829</subfield>
    <subfield code="c">Vladivostok</subfield>
    <subfield code="d">1994-</subfield>
    <subfield code="l">&#x414;&#x430;&#x43B;&#x44C;&#x43D;&#x435;&#x432;&#x43E;&#x441;&#x442;&#x43E;&#x447;&#x43D;&#x44B;&#x439; &#x44D;&#x43D;&#x442;&#x43E;&#x43C;&#x43E;&#x43B;&#x43E;&#x433;</subfield>
    <subfield code="o">J. publ. by Far East branch of the Russ. entomological soc. a. Lab. of entomology, Inst. of biology a. pedology</subfield>
    <subfield code="t">Far Eastern entomologist</subfield>
    <subfield code="x">1026-051X</subfield>
    <subfield code="v">&#x2116; 492</subfield>
  </datafield>
  <datafield tag="541" ind1="1" ind2=" ">
    <subfield code="a">&#x414;&#x432;&#x430; &#x43D;&#x43E;&#x432;&#x44B;&#x445; &#x432;&#x438;&#x434;&#x430; &#x43C;&#x443;&#x440;&#x430;&#x432;&#x44C;&#x435;&#x432; &#x440;&#x43E;&#x434;&#x430; Plagiolepis Mayr, 1861 (Hymenoptera: Formicidae: Formicinae) &#x438;&#x437; &#x418;&#x43D;&#x434;&#x43E;&#x43A;&#x438;&#x442;&#x430;&#x44F;</subfield>
  </datafield>
  <datafield tag="606" ind1="1" ind2=" ">
    <subfield code="a">&#x41C;&#x443;&#x440;&#x430;&#x432;&#x44C;&#x438;</subfield>
    <subfield code="y">&#x418;&#x43D;&#x434;&#x43E;&#x43A;&#x438;&#x442;&#x430;&#x439;, &#x43F;&#x43E;&#x43B;&#x443;&#x43E;&#x441;&#x442;&#x440;&#x43E;&#x432; (&#x42E;&#x433;&#x43E;-&#x412;&#x43E;&#x441;&#x442;&#x43E;&#x447;&#x43D;&#x430;&#x44F; &#x410;&#x437;&#x438;&#x44F;)</subfield>
    <subfield code="9">2590617</subfield>
    <subfield code="3">RU\NLR\AUTH\6601740811</subfield>
  </datafield>
  <datafield tag="686" ind1="1" ind2=" ">
    <subfield code="a">&#x415;691.894.736(54,51)</subfield>
  </datafield>
  <datafield tag="701" ind1=" " ind2="1">
    <subfield code="a">Phosritong</subfield>
    <subfield code="b">N.</subfield>
  </datafield>
  <datafield tag="701" ind1=" " ind2="1">
    <subfield code="a">Rattanachan</subfield>
    <subfield code="b">K.</subfield>
  </datafield>
  <datafield tag="701" ind1=" " ind2="1">
    <subfield code="a">Satakoune</subfield>
    <subfield code="b">L.</subfield>
  </datafield>
  <datafield tag="701" ind1=" " ind2="1">
    <subfield code="a">Jaitrong</subfield>
    <subfield code="b">W.</subfield>
    <subfield code="g">Weeyawat</subfield>
  </datafield>
  <datafield tag="852" ind1=" " ind2=" ">
    <subfield code="a">NLR</subfield>
    <subfield code="j">P7/2878</subfield>
  </datafield>
  <datafield tag="942" ind1=" " ind2=" ">
    <subfield code="c">ISSUE</subfield>
  </datafield>
  <datafield tag="980" ind1=" " ind2=" ">
    <subfield code="a">NB</subfield>
  </datafield>
  <datafield tag="980" ind1=" " ind2=" ">
    <subfield code="a">INPER</subfield>
  </datafield>
</record>
